| 000 -LEADER |
| fixed length control field |
01226nam a22002177a 4500 |
| 005 - DATE AND TIME OF LATEST TRANSACTION |
| control field |
20250730143031.0 |
| 008 - FIXED-LENGTH DATA ELEMENTS--GENERAL INFORMATION |
| fixed length control field |
250730s2021 en ||||| |||| 00| 0 eng d |
| 020 ## - INTERNATIONAL STANDARD BOOK NUMBER |
| International Standard Book Number |
9781421441085 X |
| 041 ## - LANGUAGE CODE |
| Language code of text/sound track or separate title |
eng |
| 080 ## - UNIVERSAL DECIMAL CLASSIFICATION NUMBER |
| Universal Decimal Classification number |
616.8 S-82 |
| 100 ## - MAIN ENTRY--PERSONAL NAME |
| Personal name |
Stelter R. Jennifer |
| Dates associated with a name |
(Author) |
| 9 (RLIN) |
25707 |
| 245 ## - TITLE STATEMENT |
| Title |
The busy caregiver's guide to advanced Alzheimer disease / |
| Statement of responsibility, etc. |
Jennifer R. Stelter ; Rachael Wonderlin |
| 264 ## - PRODUCTION, PUBLICATION, DISTRIBUTION, MANUFACTURE, AND COPYRIGHT NOTICE |
| Place of production, publication, distribution, manufacture |
Baltimore : |
| Name of producer, publisher, distributor, manufacturer |
Johns Hopkins University Press, |
| Date of production, publication, distribution, manufacture, or copyright notice |
2021. |
| 300 ## - PHYSICAL DESCRIPTION |
| Extent |
xv, 174 pages : |
| Other physical details |
illustrations ; |
| Dimensions |
22 cm. |
| 440 ## - SERIES STATEMENT/ADDED ENTRY--TITLE |
| Title |
Johns Hopkins Press health book |
| 9 (RLIN) |
25708 |
| 653 ## - INDEX TERM--UNCONTROLLED |
| keyword |
The Dementia Connection Model is a recipe to connect families in a way that produces positive interactions and preserves their loved one's level of functioning for as long as possible. The model brings together three concepts in dementia care of what is happening to the person with Alzheimer disease and, more importantly, why these things are happening as the person's condition progresses and how to intervene successfully"-- Provided by publisher |
| 653 ## - INDEX TERM--UNCONTROLLED |
| keyword |
Aidants naturels Alzheimer's disease Patients Care Alzheimer's |
| 653 ## - INDEX TERM--UNCONTROLLED |
| keyword |
მედიცინა |
| 700 ## - ADDED ENTRY--PERSONAL NAME |
| Personal name |
Wonderlin, Rachael |
| 9 (RLIN) |
25709 |
| 942 ## - ADDED ENTRY ELEMENTS (KOHA) |
| Source of classification or shelving scheme |
|
| Koha item type |
წიგნი |